|
|
|
|
| LEADER |
00000nam a22000005a 4500 |
| 001 |
6892 |
| 003 |
CL-ChBUA |
| 005 |
20220706161652.0 |
| 007 |
ta |
| 008 |
070301t1982 xxu 000 1 eng |
| 020 |
|
|
|a 0-673-15542-0
|
| 040 |
|
|
|a CL-ChBUA
|c CL-ChBUA
|e rda
|
| 082 |
0 |
0 |
|a 808.042
|2 22
|
| 100 |
1 |
|
|a Ebbitt, Wilma R.
|e autor
|
| 245 |
1 |
0 |
|a Whiter's Guide and index to english
|
| 250 |
|
|
|a séptima edición
|
| 260 |
|
|
|b Scott, Foresman and Company
|a Glenview, Illinois
|c 1982
|
| 300 |
|
|
|a XVI, 636 páginas
|c 24 cm
|
| 336 |
|
|
|2 rdacontent
|a text
|b txt
|
| 337 |
|
|
|2 rdamedia
|a unmediated
|b n
|
| 338 |
|
|
|2 rdacarrier
|a volume
|b nc
|
| 504 |
|
|
|a índice, índice alfabético
|
| 650 |
|
4 |
|a INGLÉS
|x RETORICA
|
| 650 |
|
4 |
|a INGLÉS
|x GRAMÁTICA
|
| 942 |
|
|
|c LIB
|2 ddc
|
| 945 |
|
|
|0 nac
|
| 952 |
|
|
|0 0
|1 0
|2 ddc
|4 0
|6 808_042000000000000_EB_15
|7 0
|9 10365
|a UNACH
|b UNACH
|c 800
|d 2007-03-05
|i 28.247
|l 1
|o 808.042 / Eb 15
|p 11364
|r 2024-11-20 00:00:00
|s 2024-11-14
|t 1
|u 10365
|w 2012-08-08
|y LIB
|
| 999 |
|
|
|c 6892
|d 6892
|